Macroeconomía: versión para Latinoamérica

Bibliographic Details
Main Author: Parkin, Michael
Format: Section = Libro
Language:Undetermined
Spanish
Published: México Pearson 2010
Edition:9a ed
Subjects:
LEADER 00669nam a2200241Ia 4500
008 240830s9999 xx 000 0 und d
020 |a 978-607-442-882-7 
040 |a B-ESTELÍ- RUACS / 339 P247 
041 |a spa 
082 |a 339 P247 
100 1 |a Parkin, Michael 
245 1 0 |a Macroeconomía: versión para Latinoamérica 
250 |a 9a ed 
260 |a México  |b Pearson  |c 2010 
300 |a 456 p.: il 
650 7 |a MACROECONOMIA LATINOAMERICA 
650 7 |b  ECONOMIA - INVERSION 
650 7 |c  MERCADO FINANCIERO 
650 7 |d  DESARROLLO ECONOMICO - FLUCTUACIONES 
650 7 |e  POLITICA MACROECONOMICA 
942 |c BK  |2 ddc 
991 |a TEXTO 
999 |c 10796